Longs Métrages d'animation par extraits en 20 clics #1 - Statistiques

Statistiques générales
  • Ce quiz a été pris 134 fois
  • Le résultat moyen est 17 sur 20
Statistiques - réponses
Hint Réponse % Correct
La Petite Sirène
98%
Hercule
97%
Les Aventures de Winnie l'ourson
97%
Pinocchio
97%
Aladdin et le Roi des voleurs
96%
Le Roi lion
96%
Kirikou et la Sorcière
95%
La Belle et le Clochard
95%
Pocahontas
95%
Dingo et Max
90%
Les Aventures de Bernard et Bianca
89%
Le Prince d'Égypte
88%
Rox et Rouky
88%
Le Bossu de Notre-Dame
87%
Le Crapaud et le Maître d'école
81%
Le Cygne et la Princesse
80%
Basil, détective privé
77%
Oliver et Compagnie
73%
Le Seigneur des anneaux
64%
Jack et le Haricot magique
58%
Aucun quiz correspondant
Distribution des résultats
% des personnes avec chaque résultat
Percentile par nombre de réponses
Votre historique - résultats
Vous n’avez pas pris ce quiz